000 nam a22 a 4500
999 _c413895
_d413895
003 BLK
005 20210513135635.0
008 210513b bu |||||r|||| 00| | bu d
040 _aBLK
041 _aBUL
_cBUL
080 _aХигиена. Лично здраве. Вж и 614 ; 616-083
_b613
_z613
139 _aКнига за здравието
245 _aКнига за здравието
_bОбщедостъпно ръководство за запазвание на здравието
260 _aВидин
_c1898
_fВидин : Д. С. Балев
300 _aVIII, 192 с.
_bс ил.
_c23 см
380 _a61
490 _9435080
_aКолекция Редки и ценни издания
650 0 _9243505
_aЗдраве - наръчници и ръководства
852 _aРб 898
_bРц
942 _cKNG
_n0
_s1
944 _aCR
_c2021-05-13
_kВЙ